Pays avec les meilleurs joueurs d'échecs - Statistiques

Statistiques générales
  • Ce quiz a été pris 49 961 fois
    25 128 depuis la dernière actualisation
  • Le résultat moyen est 8 sur 12
Statistiques - réponses
# Meilleur Pays % Correct
3 Alireza Firouzja (7) France
98%
11 Fabiano Caruana (2) États-Unis
97%
7 Wei Yi (9) Chine
92%
12 Ian Nepomniachtchi (8) Russie
91%
13 Arjun Erigaisi (4) Inde
81%
4 Vincent Keymer (20) Allemagne
79%
4 David Howell (50) Royaume-Uni
78%
4 David Anton Guijarro (59) Espagne
75%
3 Anish Giri (22) Pays-Bas
34%
4 Richard Rapport (25) Hongrie
17%
5 Nodirbek Abdusattorov (6) Ouzbékistan
12%
3 Shakhriyar Mamedyarov (21) Azerbaïdjan
10%
Aucun quiz correspondant
Distribution des résultats
% des personnes avec chaque résultat
Percentile par nombre de réponses
Votre historique - résultats
Vous n’avez pas pris ce quiz depuis la dernière actualisation